000 00538nam a2200181Ia 4500
003 GCL
008 140319s9999 xx 000 0 ara d
040 _aGCL /
_cGCL
082 0 4 _a240
_bع ك
100 1 _aعبدالمنعم قنديل
245 1 0 _aكيف تتادب مع الله /
_cعبدالمنعم قنديل
260 _a[S.N] :
_bمكتبة التراث الاسلامى ،
_c1991
300 _a108 ص
490 _a
650 0 4 _aالسيرة النبوية
650 0 4 _aالشعائر الدينية
942 _2ddc
_cBK
999 _c52830
_d52830